01398nam a2200205 a 4500008004100000020001800041041000800059092001700067100002700084245004300111250001100154260003400165300002100199500008100220505067900301655002100980942001301001999001501014952016301029180205e2016 ag ||||g |||| 00| 0 spa d a9789875803237 aspa c808l15sDES 1aDe Santis, Pablo92949 3aEl enigma de París/cPablo De Santis a9a ed. aBuenos Aires:bBooket;c2016. a288 p.c19x13 cm aDe Santis, P. (2016). El enigma de París. (9a ed.). Buenos Aires : Booket. aParís 1889. Los Doce Detectives, los investigadores más famosos del mundo, se reúnen con motivo de la Exposición Universal. El selecto club tiene la misión de revelar al público sus casos más célebres, los métodos secretos, la filosofía de cada investigación y su concepción del crimen. La extraña muerte de uno de los Doce, despeñado misteriosamente desde una torre Eiffel en construcción, dará un giro a la reunión y les obligará a afinar sus habilidades para tratar de resolver lo que parece, a priori, la actuación de un asesino en serie. El lector quedará fascinado por la belleza del enigma en esta novela cargada de magnetismo. aLiteratura92917 2ddccLIT c3323d3323 00102ddc4070aBFMbBFMcCRd2026-05-26eDonación Mayo 2026l0o808 15 DESp5166r2026-05-26tEj. 1w2026-05-26yLITzDonación Mayo 2026. Sede Tordos.f